US State Capitals With No Repeating Vowels Quiz Stats

 Plays Quiz Updated Nov 21, 2017

Score 0/23 Timer 04:00
7 Plays Today
US State Capital % Correct
Austin
87.6%
Boise
79.4%
Phoenix
79.1%
Salem
78.9%
Olympia
74.6%
Dover
74.2%
Raleigh
73.2%
Jackson
72.8%
Bismarck
70.8%
Lansing
70.4%
Topeka
67.1%
Madison
66.7%
US State Capital % Correct
Carson City
66.3%
Richmond
66.2%
Nashville
66.2%
Columbia
66.1%
Frankfort
64.9%
Harrisburg
64%
Little Rock
63.7%
Charleston
63.2%
Hartford
62.1%
Lincoln
61.7%
Trenton
60.7%

You're not logged in!

Compare scores with friends on all Sporcle quizzes.
OR
Log In

Show Comments

Extras

Top Quizzes Today


Score Distribution

Your Account Isn't Verified!

In order to create a playlist on Sporcle, you need to verify the email address you used during registration. Go to your Sporcle Settings to finish the process.

Report this User

Report this user for behavior that violates our Community Guidelines.

Details: